Estadísticas para Países donde el hockey sobre hielo es el deporte más popular

Haz click aquí para tomar la prueba!

Estadísticas generales

  • Esta prueba ha sido tomada 515 veces
  • La puntuación promedio es 3 de 5

Estadísticas de respuestas

ContinentePaís% Correcto
NorteaméricaCanadá
100%
EuropaFinlandia
86%
EuropaLetonia
63%
EuropaAustria
40%
EuropaEslovaquia
36%

Distribución de puntuación

Porcentaje por número respondido

Porcentaje de gente con cada puntuación

Historial de tus puntuaciones

No has tomado esta prueba